Statistiques concernant Pays les plus pauvres du monde

Cliquez ici pour prendre le quiz!

Statistiques générales

  • Ce quiz a été pris 432 fois
    (379 depuis la dernière actualisation)
  • Le résultat moyen est 9 sur 20

Statistiques - réponses

PIB/HabitantPays% Correct
501,65 $République Démocratique du Congo
65%
795,27 $Soudan
63%
503,31 $Niger
62%
847,12 $Rwanda
54%
224,75 $Soudan du Sud
53%
309,87 $Burundi
50%
765,00 $Haïti
48%
489,55 $République Centrafricaine
45%
691,42 $Togo
45%
361,15 $Malawi
42%
746,59 $Ouganda
41%
651,85 $Liberia
39%
500,77 $Mozambique
39%
489,31 $Sierra Leone
38%
500,95 $Madagascar
37%
767,70 $Burkina Faso
36%
577,21 $Afghanistan
35%
853,98 $Comores
34%
761,23 $Gambie
34%
815,41 $Tadjikistan
9%

Distribution des résultats

Percentile par nombre de réponses

% des personnes avec chaque résultat

Votre développement - résultats

Vous n’avez pas pris ce quiz depuis la dernière actualisation